[Event "Portoroz"]
[Site "Portoroz"]
[Date "1996.??.??"]
[Round "?"]
[White "Beliavsky, Alexander G"]
[Black "Mohr, Georg"]
[Result "1/2-1/2"]
[WhiteElo "2615"]
[BlackElo "2495"]

1.d4 Nf6 2.c4 g6 3.Nf3 Bg7 4.g3 O-O 5.Bg2 d6 6.O-O c6 7.Nc3 Bf5 8.b3 Ne4
9.Bb2 Nxc3 10.Bxc3 Be4 11.Qd2 d5 12.Rac1 e6 13.Rfd1 Nd7 14.Bb4 Re8 15.Bd6 a5
16.Qf4 Bxf3 17.Qxf3 a4 18.Qd3 axb3 19.axb3 Ra2 20.Rd2 Rxd2 21.Qxd2 Qb6 22.e3 c5
23.dxc5 Nxc5 24.Bxc5 Qxc5 25.Qd3 dxc4 26.bxc4 b6 27.Rb1 Bf8 28.h4 Qc7 29.h5 Rd8
30.Qe4 Rc8 31.Bf1 Bc5 32.Be2 Qc6 33.Qe5 Qc7 34.Qc3 Qe7 35.Kg2 Kf8 36.Qe5 Rd8
37.Bf3 Qa7 38.Qg5 Rd2 39.Rd1 Qa2 40.Rxd2 Qxd2 41.Qf4 Qd6 42.Qe4 Qb8 43.g4 Qd8
44.Qe5 Bd6 45.Qd4 Bc7 46.Qe4 Bd6 47.Be2 Bc5 48.Qe5 Bd6 49.Qd4 Be7 50.Qc3 Bf6
51.Qc2 Be7 52.Qb2 Bf6 53.Qb5 Be7 54.Qe5 Bd6 55.Qd4 Be7 56.Qe4 Bc5 57.Bd3 Qb8
58.g5 Qd8 59.f4 e5 60.h6 exf4 61.exf4 Qd4 62.Qxd4 Bxd4  1/2-1/2

[Event "Portoroz"]
[Site "Portoroz"]
[Date "1996.??.??"]
[Round "?"]
[White "Beliavsky, Alexander G"]
[Black "Mestrovic, Zvonimir"]
[Result "1-0"]
[WhiteElo "2615"]
[BlackElo "2470"]

1.d4 Nc6 2.e4 e5 3.dxe5 Nxe5 4.Nf3 Nxf3+ 5.Qxf3 Qf6 6.Qg3 Bc5 7.Nc3 Ne7 8.Bd3 d6
9.Nb5 Bb6 10.Be3 O-O 11.Bxb6 axb6 12.Nxc7 Ra5 13.O-O Rg5 14.Qe3 Rh5 15.Nb5 Re8
16.Qd4 Qg5 17.Qxd6 Ng6 18.Qg3 Nf4 19.Nd6 Rd8 20.Nxc8 Qe5 21.Ne7+ Kf8 22.Nd5 Rxd5
23.exd5 Rg5 24.Rfe1 Qf6 25.Bb5  1-0

[Event "Portoroz"]
[Site "Portoroz"]
[Date "1996.??.??"]
[Round "?"]
[White "Beliavsky, Alexander G"]
[Black "Ikica, Ante"]
[Result "1-0"]
[WhiteElo "2615"]
[BlackElo "2055"]

1.d4 e6 2.e4 d5 3.Nc3 Nf6 4.e5 Nfd7 5.f4 a6 6.Nf3 Be7 7.Be3 c5 8.Qd2 Nc6
9.Bd3 cxd4 10.Nxd4 Nc5 11.O-O Qc7 12.Qf2 Bd7 13.Rac1 Rc8 14.a3 b5 15.Ndxb5 axb5
16.Bxc5 Bxc5 17.Qxc5 Qa7 18.Qxa7 Nxa7 19.Ne2 O-O 20.Nd4 Rb8 21.c3 Nc8 22.Kf2 Nb6
23.b3 Na8 24.Ke3 Nc7 25.Kd2 Ra8 26.Ra1 Ra7 27.Kc2 Rb8 28.Kb2 Na8 29.g4 Nb6
30.Bxb5 Na4+ 31.Bxa4 Bxa4 32.Kc2 Bd7 33.a4 Rc7 34.a5 Bc8 35.f5 Ba6 36.Rf3 Re8
37.fxe6 fxe6 38.b4 Rb7 39.Kd2 h6 40.b5 Bxb5 41.a6 Rb6 42.Rb1  1-0

[Event "Portoroz"]
[Site "Portoroz"]
[Date "1996.??.??"]
[Round "?"]
[White "Beliavsky, Alexander G"]
[Black "Grosar, Aljosa"]
[Result "1-0"]
[WhiteElo "2615"]
[BlackElo "2470"]

1.d4 Nf6 2.c4 e6 3.g3 Bb4+ 4.Bd2 c5 5.Bxb4 cxb4 6.Bg2 O-O 7.e4 d6 8.Ne2 e5
9.O-O Nc6 10.a3 bxa3 11.Nxa3 a5 12.Qd2 b6 13.Rfd1 Ba6 14.b3 Re8 15.Nc2 Qc7
16.Ne3 g6 17.Nf5 Bc8 18.Qg5 Bxf5 19.exf5 Kg7 20.fxg6 hxg6 21.Nc3 Nxd4 22.Qxf6+  1-0

[Event "Portoroz"]
[Site "Portoroz"]
[Date "1996.??.??"]
[Round "?"]
[White "Doric, Nenad"]
[Black "Beliavsky, Alexander G"]
[Result "0-1"]
[WhiteElo "2320"]
[BlackElo "2615"]

1.e4 e6 2.d4 d5 3.Nd2 dxe4 4.Nxe4 Bd7 5.Nf3 Bc6 6.Bd3 Nd7 7.O-O Ngf6 8.Ned2 Be7
9.b3 O-O 10.Bb2 b6 11.c4 Bb7 12.Qc2 c5 13.Rad1 cxd4 14.Bxd4 Qc7 15.Rfe1 Rad8
16.Ne4 h6 17.Bc3 Nh5 18.Ned2 Nc5 19.Bf1 Nf4 20.Re3 Nd7 21.g3 Nh5 22.Bg2 Nhf6
23.Ree1 a6 24.Qb2 Nc5 25.Ne5 Bxg2 26.Kxg2 b5 27.Bd4 Qb7+ 28.Kg1 a5 29.cxb5 Qxb5
30.Ndc4 Ra8 31.Re2 Rfd8 32.Rb1 Rd5 33.Bc3 Nce4 34.Be1 Bb4 35.a3 Bxe1 36.Rexe1 Rad8
37.Ng4 Nxg4 38.Rxe4 Rd1+ 39.Re1 Rxb1 40.Rxb1 a4 41.Qa2 Qh5 42.f3 axb3 43.Qe2 Qc5+
44.Kh1 Rd4 45.fxg4 Rxc4 46.Rxb3 Rc1+ 47.Kg2 Rc2  0-1

[Event "Yerevan ol (Men)"]
[Site "Yerevan"]
[Date "1996.??.??"]
[Round "1"]
[White "Beliavsky, Alexander G"]
[Black "Smith, Louis"]
[Result "1-0"]
[WhiteElo "2620"]
[BlackElo "2175"]

1.d4 g6 2.e4 Bg7 3.Nc3 d6 4.Be3 Nf6 5.f3 O-O 6.Qd2 Nbd7 7.O-O-O e5 8.d5 Ne8
9.g4 Ndf6 10.Nge2 c6 11.Ng3 cxd5 12.exd5 a6 13.h4 h5 14.gxh5 Nxh5 15.Nxh5 gxh5
16.Rg1 Bf5 17.Rg5 Bg6 18.Bd3 Rc8 19.Rdg1 Qe7 20.Qg2 Rc7 21.Bf5 Kh8 22.Ne4 Nf6
23.Kb1 Rg8 24.Nxf6 Qxf6 25.Bxg6 fxg6 26.Rxg6  1-0

[Event "Yerevan ol (Men)"]
[Site "Yerevan"]
[Date "1996.??.??"]
[Round "3"]
[White "Krasenkow, Michal"]
[Black "Beliavsky, Alexander G"]
[Result "1/2-1/2"]
[WhiteElo "2605"]
[BlackElo "2620"]

1.d4 Nf6 2.c4 e6 3.Nf3 d5 4.Nc3 Be7 5.Bg5 h6 6.Bh4 O-O 7.cxd5 Nxd5 8.Bxe7 Qxe7
9.Qb3 Nd7 10.Rc1 Nxc3 11.Qxc3 b6 12.e3 Bb7 13.b4 Rac8 14.Be2 e5 15.dxe5 c5
16.b5 Rfe8 17.O-O Nxe5 18.Nxe5 Qxe5 19.Qxe5 Rxe5 20.Rfd1 Kf8 21.Bc4 Rc7 22.Rc3 Bc8
23.f3 Be6 24.Kf2 Bxc4  1/2-1/2

[Event "Yerevan ol (Men)"]
[Site "Yerevan"]
[Date "1996.??.??"]
[Round "6"]
[White "Beliavsky, Alexander G"]
[Black "Kasatchol, Sathit"]
[Result "1-0"]
[WhiteElo "2620"]
[BlackElo "2080"]

1.d4 Nf6 2.c4 g6 3.Nc3 Bg7 4.e4 O-O 5.Bg5 d6 6.Qd2 Nc6 7.d5 Nb4 8.a3 Na6
9.Bd3 Nc5 10.Bc2 a5 11.Nf3 e5 12.O-O a4 13.Ne1 Qe8 14.f3 b6 15.Nb5 Qd7 16.Nd3 Nfxe4
17.fxe4 Nxe4 18.Nxe5 Qxb5 19.Bxe4 Qe8 20.Nc6 Qxe4 21.Rf4 Qe8 22.Re1 Be5 23.Ne7+ Kg7
24.Rxe5 f6 25.Bh6+ Kh8 26.Re1 Bd7 27.Nc6 Qc8 28.Qd4  1-0

[Event "Yerevan ol (Men)"]
[Site "Yerevan"]
[Date "1996.??.??"]
[Round "10"]
[White "Yurtaev, Leonid"]
[Black "Beliavsky, Alexander G"]
[Result "0-1"]
[WhiteElo "2515"]
[BlackElo "2620"]

1.d4 d5 2.c4 e6 3.Nc3 Be7 4.Nf3 Nf6 5.Bg5 h6 6.Bh4 O-O 7.e3 b6 8.Be2 dxc4
9.Bxc4 Bb7 10.O-O Ne4 11.Bxe7 Qxe7 12.Nxe4 Bxe4 13.Rc1 Rd8 14.Bd3 Bxd3 15.Qxd3 c5
16.Ne5 Qb7 17.b4 cxd4 18.exd4 Nd7 19.Nc6 Re8 20.f4 Nf6 21.f5 Qd7 22.fxe6 Rxe6
23.b5 Rae8 24.Qf5 Qd6 25.Rcd1 Re2 26.a4 a6 27.d5 axb5 28.axb5 Rb2 29.Rde1 Rxe1
30.Rxe1 g6 31.Qf3 Kg7 32.Ne7 Qc5+  0-1

[Event "Yerevan ol (Men)"]
[Site "Yerevan"]
[Date "1996.??.??"]
[Round "13"]
[White "Beliavsky, Alexander G"]
[Black "Ehlvest, Jaan"]
[Result "1-0"]
[WhiteElo "2620"]
[BlackElo "2660"]

1.d4 e6 2.e4 d5 3.Nd2 dxe4 4.Nxe4 Nd7 5.Nf3 Ngf6 6.Nxf6+ Nxf6 7.Bd3 c5 8.O-O cxd4
9.Nxd4 Bc5 10.Be3 Bb6 11.c3 O-O 12.Re1 Re8 13.Nb5 Bxe3 14.Rxe3 Qe7 15.Qf3 a6
16.Nd4 g6 17.Rae1 Rd8 18.Bc4 Kg7 19.Qf4 Bd7 20.g4 Rac8 21.Bb3 Re8 22.Re5 Rc5
23.Nf5+ gxf5 24.Rxc5 Qxc5 25.Qg5+ Kf8 26.Qxf6 Kg8 27.gxf5 Qxf5 28.Qxf5 exf5
29.Rxe8+ Bxe8 30.Bd5 b6 31.f4 Kf8 32.Kf2 Ke7 33.Ke3 a5 34.Kd4 Kd6 35.b3 f6
36.a3 h6 37.c4 Bh5 38.b4 axb4 39.axb4 Bd1 40.Bg2 Ba4 41.Bf1 Be8 42.Bd3 Bg6
43.Bc2 Kc6 44.Ba4+ Kd6 45.c5+ bxc5+ 46.bxc5+ Kc7 47.Bb3 Bh5 48.Bc2 Bg6 49.Kc3 Kc6
50.Kb4 Kc7 51.h3 Kc6 52.Bb3 Kc7 53.Be6 Kc6 54.Kc4 Kc7 55.Kd5 Bh5 56.Bxf5 Bf7+
57.Kd4 Kc6 58.Be4+ Kc7 59.Ke3 Be6 60.Bg2 Bf7 61.Kf2 Bg6 62.Kg3 Kd7 63.Bd5 Kc7
64.Kg4 Kd7 65.Kh4 Kc7 66.Bf3 Bf7 67.Bh5 Bc4 68.Bg6 Be2 69.Bf5 Kc6 70.Bg4 Bd3
71.Kh5 Kxc5 72.Kxh6 Kd4 73.Bd7 Ke4 74.f5 Ke5 75.h4 Kd6 76.Be6 Ke7 77.Kg7 Be2
78.Bf7  1-0

[Event "HUN-chT"]
[Site "Ajka"]
[Date "1997.??.??"]
[Round "?"]
[White "Borocz, Istvan"]
[Black "Beliavsky, Alexander G"]
[Result "0-1"]
[WhiteElo "2420"]
[BlackElo "2620"]

1.e4 d6 2.d4 Nf6 3.Nc3 g6 4.f4 Bg7 5.Nf3 O-O 6.Bd3 Nc6 7.e5 dxe5 8.fxe5 Nh5
9.Be3 Bg4 10.Be2 f6 11.O-O Bxf3 12.Bxf3 fxe5 13.d5 Nd4 14.Bxd4 exd4 15.Ne4 Nf4
16.c4 dxc3 17.Nxc3 Qd6 18.Kh1 Kh8 19.Rc1 Rad8 20.Qc2 Qa6 21.Qe4 Qf6 22.Rce1 g5
23.Qe3 Nxd5 24.Nxd5 Rxd5 25.Qxe7 Qxe7 26.Rxe7 g4 27.Be2 Rxf1+ 28.Bxf1 Bxb2
29.Rxc7 Rd1 30.Rf7 Kg8 31.Rf5 Kg7 32.g3 Kg6 33.Rf4 Be5 34.Rxg4+ Kf5 35.Kg2 Rxf1  0-1

[Event "Franfurt CC Ordix"]
[Site "Frankfurt"]
[Date "1997.??.??"]
[Round "2"]
[White "Beliavsky, Alexander G"]
[Black "Koehler, Ronald"]
[Result "1-0"]
[WhiteElo "2665"]
[BlackElo "2245"]

1.d4 Nf6 2.c4 e6 3.Nf3 c5 4.g3 cxd4 5.Nxd4 d5 6.Bg2 e5 7.Nf3 Nc6 8.O-O d4
9.e3 Bc5 10.exd4 exd4 11.Re1+ Be6 12.Ng5 Qd6 13.Nd2 O-O 14.Nxe6 fxe6 15.Ne4 Nxe4
16.Bxe4 d3 17.Be3 Ne5 18.b3 d2 19.Rf1 Bxe3 20.fxe3 Rxf1+ 21.Qxf1 Rf8 22.Qe2 b6
23.Rd1 Rd8 24.Kg2 g6 25.h3 Kg7 26.g4 h6 27.Kg1 a5 28.Qf2 Rd7 29.Kg2 Rd8 30.Qg3 Rd7
31.g5 h5 32.Qf2 Kh7 33.Qf6 Rd8 34.Bxg6+ Nxg6 35.Qf7+ Kh8 36.Qxg6 Qc6+ 37.Kg1 Qc7
38.Qxh5+ Kg8 39.Qg6+ Kh8 40.Qh6+ Kg8 41.Qxe6+ Kh8 42.Qf6+ Kg8 43.Kg2 Qb7+
44.Qf3 Qe7 45.h4 Rd3 46.Kf2 Qd6 47.Ke2 Qd7 48.g6 Rd6 49.Qf7+ Qxf7 50.gxf7+ Kxf7
51.Rxd2 Rh6 52.Rd4 Ke6 53.Kd3 Rf6 54.Rd5 Rf3 55.Rb5  1-0

[Event "Franfurt CC Ordix"]
[Site "Frankfurt"]
[Date "1997.??.??"]
[Round "3"]
[White "Sehner, Norbert"]
[Black "Beliavsky, Alexander G"]
[Result "0-1"]
[WhiteElo "2390"]
[BlackElo "2665"]

1.c4 e6 2.g3 d5 3.Bg2 Nf6 4.Nf3 Be7 5.O-O O-O 6.d4 c6 7.Nc3 b6 8.Ne5 Ba6
9.b3 Nfd7 10.cxd5 Nxe5 11.dxe5 cxd5 12.Bb2 Nc6 13.f4 Rc8 14.Kh1 Qd7 15.Rc1 Rfd8
16.a3 Qe8 17.b4 Bc4 18.Re1 a5 19.b5 Nb8 20.a4 Nd7 21.e3 Bb4 22.Rg1 Nc5 23.Ra1 Bb3
24.Qd4 Bxc3 25.Bxc3 Bxa4 26.f5 Bc2 27.f6 Be4 28.Qd1 Nd3 29.Be1 Nxe5 30.fxg7 Qxb5
31.Qh5 Bxg2+ 32.Rxg2 Qf1+ 33.Rg1 Qf3+  0-1

[Event "Franfurt CC Ordix"]
[Site "Frankfurt"]
[Date "1997.??.??"]
[Round "4"]
[White "Beliavsky, Alexander G"]
[Black "Schlindwein, Rolf"]
[Result "0-1"]
[WhiteElo "2665"]
[BlackElo "2410"]

1.d4 d5 2.c4 Bf5 3.Nc3 e6 4.Bf4 c6 5.e3 Bd6 6.g4 Bg6 7.Nh3 Ne7 8.Qb3 b6 9.cxd5 exd5
10.Bxd6 Qxd6 11.Nf4 Nd7 12.h4 h5 13.gxh5 Bxh5 14.Nxh5 Rxh5 15.Be2 Rh6 16.h5 O-O-O
17.O-O-O Kb8 18.Kb1 Qf6 19.Rhf1 Qf5+ 20.Ka1 Nf6 21.a4 Nc8 22.a5 Kb7 23.Na4 Nd7
24.Rc1 Rxh5 25.a6+ Kc7 26.e4 dxe4 27.Bxh5 Qxh5 28.d5 c5 29.Nc3 Nd6 30.Rfd1 Qe5
31.Qa4 Nb8 32.Rh1 Qe8 33.Qa2 Nb5 34.Qc4 Nxc3 35.Rxc3 Qe5 36.Rd1 Rd6 37.Re3 f5
38.f3 Nd7 39.fxe4 Nf6 40.Rh3 fxe4 41.Rh8 Rxd5 42.Rg1 Rd2 43.Qb5 Qd5 44.Rxg7+ Nd7
45.Rg1 e3 46.Re8 Qd3 47.Qxd3 Rxd3 48.Rg7 b5 49.Re6 Rd6 50.Rge7 c4 51.Ka2 Rxe6
52.Rxe6 Nc5 53.Rxe3 Nxa6 54.Ka3 Kb6 55.Re6+ Ka5 56.Rc6 Nb4 57.Rc8 Nc2+ 58.Ka2 a6
59.Kb1 Nd4 60.Ra8 Kb6 61.Rb8+ Kc5 62.Ra8 Kb6 63.Rd8 Nc6 64.Rh8 a5 65.Rh4 Kc5
66.Rh5+ Kb4 67.Rg5 a4 68.Kc1 Na5 69.Kb1 Nb3 70.Rf5 Nc5 71.Rh5 Nd3 72.Rg5 Ka5
73.Rh5  0-1

[Event "HUN-chT 9798"]
[Site "Hungary"]
[Date "1997.??.??"]
[Round "?"]
[White "Beliavsky, Alexander G"]
[Black "Almasi, Zoltan"]
[Result "0-1"]
[WhiteElo "2665"]
[BlackElo "2595"]

1.e4 e5 2.Nf3 Nc6 3.Bb5 Nf6 4.O-O Nxe4 5.d4 Nd6 6.Bxc6 dxc6 7.dxe5 Nf5 8.Qxd8+ Kxd8
9.Nc3 Ke8 10.h3 a5 11.g4 Ne7 12.Nd4 h5 13.f3 Ng6 14.Kg2 Be7 15.Re1 hxg4 16.hxg4 a4
17.Bd2 a3 18.b3 Bd7 19.e6 fxe6 20.Nxe6 Bxe6 21.Rxe6 Kf7 22.Re4 Rad8 23.Rd1 Bf6
24.Be1 Be5 25.Rxd8 Rxd8 26.Kf1 Rh8 27.Nd1 Rh3 28.Ke2 Nf4+ 29.Ke3 Nd5+ 30.Ke2 Nf4+
31.Ke3 Nd5+ 32.Ke2 Rh2+ 33.Kf1 Bd6 34.Nf2 Bg3 35.Kg1 Nf4 36.Ra4 Ng2 37.Nd3 Nxe1
38.Nxe1 Rd2 39.Nd3 Rxc2 40.Rxa3 Rc3 41.Nf2 Bd6 42.Ra4 b5 43.Rd4 Bc5 44.Rd2 Rxf3
45.Kg2 Rxf2+ 46.Rxf2+ Bxf2 47.Kxf2 Ke6 48.Ke3 Kd5 49.g5 b4 50.g6 c5 51.Kf4 c6  0-1

[Event "HUN-chT 9798"]
[Site "Hungary"]
[Date "1997.??.??"]
[Round "?"]
[White "Fogarasi, Tibor"]
[Black "Beliavsky, Alexander G"]
[Result "1-0"]
[WhiteElo "2450"]
[BlackElo "2665"]

1.e4 g6 2.d4 Bg7 3.Nc3 d6 4.Be3 Nf6 5.h3 Nbd7 6.f4 c5 7.Nf3 cxd4 8.Bxd4 O-O
9.Bc4 Qc7 10.Bb3 Nc5 11.e5 dxe5 12.fxe5 Nfe4 13.Nxe4 Nxe4 14.O-O Nc5 15.Bc4 Be6
16.Qe2 Rac8 17.c3 a6 18.Ng5 Bxc4 19.Qxc4 b5 20.Qe2 Bh6 21.Nf3 Qc6 22.Qf2 Bg7
23.Bxc5 Qxc5 24.Qxc5 Rxc5 25.Rad1 Rc7 26.Rd5 Bh6 27.Rfd1 Rb8 28.Rd7 Rxd7
29.Rxd7 e6 30.Nd4 Rc8 31.Rd6 b4 32.cxb4 Rc4 33.Kf2 Rxb4 34.b3 Bf4 35.Nf3 a5
36.g3 Bh6 37.Rd4 Rb5 38.Ke2 Bg7 39.Rd8+ Bf8 40.Kd3 Kg7 41.Rd7 h6 42.Ke4 g5
43.Nd2 Kg6 44.g4 Bg7 45.Nc4 a4 46.Rxf7 axb3 47.axb3 Rxb3 48.Re7 Rxh3 49.Rxe6+ Kf7
50.Ra6 Bf8 51.Ne3 Rh1 52.e6+ Kf6 53.Nd5+ Kg7 54.Ra7+ Kg6 55.e7 Bxe7 56.Nxe7+ Kf6
57.Nd5+ Kg6 58.Ra6+ Kg7 59.Nf6 Re1+ 60.Kd3 Kf7 61.Nh5 Rg1 62.Ra4 Re1 63.Re4 Rd1+
64.Ke3 Rd6 65.Ra4 Kg6 66.Ng3 Rb6 67.Rd4 Rb3+ 68.Rd3 Rb6 69.Nh5 Ra6 70.Rd4 Re6+
71.Re4 Ra6 72.Rc4 Re6+ 73.Kd4 Re1 74.Rc6+ Kf7 75.Kd5 Rg1 76.Rc7+ Kf8 77.Ke6  1-0

[Event "Miskolc"]
[Site "Miskolc"]
[Date "1997.??.??"]
[Round "?"]
[White "Fogarasi, Tibor"]
[Black "Beliavsky, Alexander G"]
[Result "0-1"]
[WhiteElo "2450"]
[BlackElo "2620"]

1.e4 c5 2.Nf3 d6 3.d4 cxd4 4.Nxd4 Nf6 5.Nc3 a6 6.f4 e5 7.Nf3 Nbd7 8.a4 Be7
9.Bd3 O-O 10.O-O Nc5 11.Kh1 d5 12.Nxe5 Ncxe4 13.Be3 Bf5 14.Ne2 Nd6 15.a5 Bxd3
16.cxd3 Nd7 17.Qa4 Nb5 18.Nd4 Bc5 19.Nf5 Bxe3 20.Nxe3 Re8 21.Nxd7 Qxd7 22.Rae1 Re7
23.Qd1 Rae8 24.Nc2 Qc7 25.Qd2 h6 26.g3 Rxe1 27.Rxe1 Rxe1+ 28.Nxe1 Nd4 29.Qe3 Qxa5
30.Qxd4 Qxe1+ 31.Kg2 Qe2+ 32.Kg1 Qf3 33.Qc3 Kh7 34.b4 h5 35.Qd4 f6 36.Qc3 h4
37.gxh4 Qg4+ 38.Kh1 Qxf4 39.Kg2 Qg4+ 40.Kh1 Qxh4 41.Kg2 Qg5+  0-1

[Event "JUG-chT"]
[Site "Niksic"]
[Date "1997.??.??"]
[Round "3"]
[White "Beliavsky, Alexander G"]
[Black "Almasi, Zoltan"]
[Result "1/2-1/2"]
[WhiteElo "2710"]
[BlackElo "2615"]

1.e4 e5 2.Nf3 Nc6 3.d4 exd4 4.Nxd4 Nf6 5.Nxc6 bxc6 6.e5 Qe7 7.Qe2 Nd5 8.c4 Ba6
9.b3 g6 10.f4 f6 11.exf6 Nxf6 12.Bb2 O-O-O 13.Nd2 d5 14.O-O-O d4 15.Re1 Qxe2
16.Bxe2 Bh6 17.g3 g5 18.Bf3 c5 19.Ba3 Bb7 20.Bxb7+ Kxb7 21.Bxc5 Ng4 22.fxg5 Bxg5
23.Be7 Bxe7 24.Rxe7 Rde8 25.Rhe1 Rxe7 26.Rxe7 Nxh2 27.Ne4 h5 28.Kc2 h4 29.gxh4 Rxh4
30.Nc5+ Kb6 31.b4 a5 32.Na4+ Kb7 33.b5 Nf3 34.b6 Rh2+ 35.Kc1 d3 36.Rxc7+ Kb8
37.Rd7 Rc2+ 38.Kd1 Rxa2 39.Rxd3 Rxa4 40.Rxf3  1/2-1/2

[Event "JUG-chT"]
[Site "Niksic"]
[Date "1997.??.??"]
[Round "4"]
[White "Ivanovic, Bozidar"]
[Black "Beliavsky, Alexander G"]
[Result "0-1"]
[WhiteElo "2500"]
[BlackElo "2710"]

1.e4 d6 2.d4 Nf6 3.Nc3 g6 4.Nf3 Bg7 5.h3 O-O 6.Be3 c6 7.Bd3 Nbd7 8.O-O e5
9.Re1 Re8 10.Bf1 exd4 11.Bxd4 Qc7 12.a4 b6 13.Bc4 Bb7 14.Ng5 Re7 15.f4 d5
16.exd5 Rxe1+ 17.Qxe1 Qxf4 18.Bxf6 Qxf6 19.Nf3 Qf4 20.Qe7 Nc5 21.dxc6 Bxc6
22.Bd5 Bxc3 23.Bxc6 Bf6 24.Qe2 Bxb2 25.Rf1 Rd8 26.c4 Bf6 27.Kh1 Kg7 28.a5 bxa5
29.Bd5 Rxd5 30.cxd5 Ne4 31.Kg1 Ng3 32.Qd2 Qxd2 33.Nxd2 Bd4+ 34.Kh2 Nxf1+
35.Nxf1 a4  0-1

[Event "JUG-chT"]
[Site "Niksic"]
[Date "1997.??.??"]
[Round "9"]
[White "Sakaev, Konstantin"]
[Black "Beliavsky, Alexander G"]
[Result "1/2-1/2"]
[WhiteElo "2590"]
[BlackElo "2710"]

1.Nf3 d5 2.d4 Nf6 3.c4 e6 4.Nc3 Bb4 5.Bg5 dxc4 6.e4 c5 7.Bxc4 cxd4 8.Nxd4 Bxc3+
9.bxc3 Qa5 10.Bb5+ Bd7 11.Bxf6 gxf6 12.Qb3 a6 13.Be2 Nc6 14.O-O Qc7 15.Rfd1 O-O
16.Qb2 Ne5 17.Rab1 b5 18.Qd2 Ng6 19.Rbc1 Rfd8 20.Qe3 Qf4 21.Qxf4 Nxf4 22.Bf1 Rac8
23.Nb3 Be8 24.Rxd8 Rxd8 25.f3 Kf8 26.c4 Nd3 27.Rc3 Ne5 28.cxb5 axb5 29.Kf2 Ra8  1/2-1/2

[Event "EU-chT (Men)"]
[Site "Pula"]
[Date "1997.??.??"]
[Round "1"]
[White "Beliavsky, Alexander G"]
[Black "Stanec, Nikolaus"]
[Result "1-0"]
[WhiteElo "2665"]
[BlackElo "2460"]

1.d4 Nf6 2.c4 g6 3.Nc3 Bg7 4.e4 d6 5.h3 O-O 6.Bg5 c5 7.d5 e6 8.Nf3 exd5 9.cxd5 Re8
10.Nd2 a6 11.a4 Nbd7 12.Be2 Rb8 13.O-O h6 14.Be3 g5 15.f4 gxf4 16.Bxf4 Ne5
17.Qe1 Nfd7 18.Qg3 Kh7 19.Bg4 Nxg4 20.Qxg4 Ne5 21.Qh5 Qf6 22.Bxe5 Qxe5 23.Qxe5 Bxe5
24.Rxf7+ Kg8 25.Rc7 b5 26.axb5 axb5 27.Nf3 b4 28.Nd1 Bf6 29.Rc6 Rxe4 30.Rxd6 Be7
31.Rxh6 Bb7 32.Rb6 Bf8 33.Nf2 Ree8 34.Ng4 Bg7 35.Ra7 Bxd5 36.Rg6 Bf7 37.Nf6+ Kf8
38.Rxg7 Kxg7 39.Nxe8+ Rxe8 40.Ng5 Re1+ 41.Kf2 Rb1 42.Rxf7+ Kg6 43.h4 Rxb2+
44.Kf3 c4 45.Rc7 c3 46.Rc6+ Kg7 47.h5  1-0

[Event "EU-chT (Men)"]
[Site "Pula"]
[Date "1997.??.??"]
[Round "3"]
[White "Beliavsky, Alexander G"]
[Black "Akopian, Vladimir"]
[Result "0-1"]
[WhiteElo "2665"]
[BlackElo "2655"]

1.d4 Nf6 2.c4 e6 3.g3 d5 4.Bg2 dxc4 5.Nf3 a6 6.O-O Nc6 7.e3 Bd7 8.Qe2 b5
9.Rd1 Be7 10.Nc3 Nd5 11.a4 O-O 12.axb5 Nxc3 13.bxc3 axb5 14.Rxa8 Qxa8 15.d5 exd5
16.Rxd5 Qe8 17.Qd1 Nb8 18.Nd4 c6 19.Re5 Qd8 20.Qh5 g6 21.Qh6 Re8 22.h4 Bf8
23.Rxe8 Bxe8 24.Qf4 c5 25.Nf3 Qd6 26.Qxd6 Bxd6 27.Nd2 Bc6 28.f4 Bxg2 29.Kxg2 Nd7
30.e4 f6 31.Kf3 Nb6 32.Nb1 b4 33.Be3 Na4 34.Nd2 Nb2 35.Nb1 Kf7 36.g4 Ke6
37.f5+ gxf5 38.exf5+ Kd5 39.g5 fxg5 40.hxg5 Nd3 41.Ke2 Be5 42.g6 hxg6 43.fxg6 Bg7
44.Bg5 Ne5 45.Bd2 b3 46.Be3 Nxg6 47.Kf3 Ne5+ 48.Ke2 Nf7 49.Bd2 Nd6 50.Be1 Bh6
51.Bd2 Bxd2 52.Kxd2 Ne4+ 53.Ke2 Ke6 54.Kf3 Kf5 55.Ke3 Ke5 56.Na3 Nd6 57.Kf3 Kd5
58.Ke3 Nf5+ 59.Kf4 Nd4 60.Nb1 Nb5 61.Ke3 Ke5 62.Ke2 Kf4 63.Kf2 Nd6 64.Ke2 Ne4
65.Kd1 Ke3 66.Kc1 Ke2  0-1

[Event "EU-chT (Men)"]
[Site "Pula"]
[Date "1997.??.??"]
[Round "6"]
[White "Beliavsky, Alexander G"]
[Black "Yrjola, Jouni"]
[Result "1/2-1/2"]
[WhiteElo "2665"]
[BlackElo "2435"]

1.d4 f5 2.g3 Nf6 3.Bg2 g6 4.Nf3 Bg7 5.O-O O-O 6.b3 d6 7.Bb2 Qe8 8.Nbd2 Nc6
9.Re1 h6 10.e4 fxe4 11.Nxe4 Nxe4 12.Rxe4 g5 13.Qe2 Qh5 14.Re3 Bg4 15.Qc4+ e6
16.Ne1 d5 17.Qd3 Qf7 18.Qd2 Rad8 19.Nf3 Qh5 20.Ne5 Nxe5 21.dxe5 c5 22.Rf1 d4
23.Ree1 Bf3 24.Bxf3 Qxf3 25.Qa5 Qc6 26.Bc1 b6 27.Qa6 Rf3 28.a4  1/2-1/2

[Event "EU-chT (Men)"]
[Site "Pula"]
[Date "1997.??.??"]
[Round "7"]
[White "Guseinov, Aidyn"]
[Black "Beliavsky, Alexander G"]
[Result "0-1"]
[WhiteElo "2430"]
[BlackElo "2665"]

1.e4 d6 2.d4 Nf6 3.Nc3 g6 4.g3 Na6 5.Bg2 c5 6.dxc5 Nxc5 7.Nge2 Bd7 8.Nf4 Bg7
9.O-O O-O 10.Nfd5 Nxd5 11.exd5 Rc8 12.Ne2 Qb6 13.Rb1 Qa6 14.Bg5 h6 15.Be3 Qxa2
16.Re1 Na4 17.c3 Nb6 18.b3 Bg4 19.Ra1 Qb2 20.f3 Bf5 21.Rxa7 Nd7 22.g4 Bc2
23.Qc1 Qxc1 24.Rxc1 Bxb3 25.Rxb7 Ne5 26.Rxe7 Nd3 27.Rb1 Bxd5 28.Rd1 Bc4 29.Bd4 Ne5
30.Ng3 Rb8 31.Ne4 Be2 32.Rd2 Nxf3+ 33.Bxf3 Bxf3 34.h3 Bxd4+ 35.Rxd4 Bxe4
36.Rdxe4 Rb3 37.Re3 Rc8 38.Re8+ Rxe8 39.Rxe8+ Kg7 40.Re3 Kf6 41.Kf2 Rb5 42.c4 Re5
43.Rd3 Ke6 44.Kf3 h5 45.Kf4 g5+ 46.Kf3 h4 47.Rd1 Rc5 48.Re1+ Kd7 49.Re4 Re5
50.Rd4 Kc6 51.Rd3 Kc5 52.Rd1 f6 53.Rd2 Re6 54.Rc2 Kd4 55.Rc1 Re3+ 56.Kg2 Rg3+
57.Kh2 Rc3 58.Rd1+ Rd3 59.Rc1 Rf3 60.Rd1+ Kc5  0-1

[Event "Ubeda"]
[Site "Ubeda"]
[Date "1997.??.??"]
[Round "6"]
[White "Beliavsky, Alexander G"]
[Black "Kortschnoj, Viktor"]
[Result "1/2-1/2"]
[WhiteElo "2665"]
[BlackElo "2635"]

1.Nf3 d5 2.d4 e6 3.c4 dxc4 4.e4 b5 5.a4 c6 6.b3 Nf6 7.e5 Ne4 8.bxc4 Bb4+
9.Nbd2 bxc4 10.Bxc4 Ba6 11.Bxa6 Nxa6 12.O-O Nxd2 13.Bxd2 O-O 14.Rc1 Qd5 15.Bxb4 Nxb4
16.Rc5 Qe4 17.Qd2 a5 18.Qe3 Qf5 19.Rd1 Rfd8 20.h3 h6 21.Ne1  1/2-1/2

[Event "Ubeda"]
[Site "Ubeda"]
[Date "1997.??.??"]
[Round "7"]
[White "Lautier, Joel"]
[Black "Beliavsky, Alexander G"]
[Result "1-0"]
[WhiteElo "2630"]
[BlackElo "2665"]

1.d4 Nf6 2.c4 e6 3.Nc3 Bb4 4.e3 c5 5.Ne2 b6 6.a3 Ba5 7.Rb1 Na6 8.Bd2 O-O
9.Ng3 Bb7 10.Bd3 d5 11.cxd5 cxd4 12.exd4 Bxc3 13.bxc3 Qxd5 14.Qe2 Nc7 15.f3 e5
16.Bc4 Qc6 17.dxe5 Rfe8 18.f4 Rad8 19.O-O Ng4 20.Rb2 Qc5+ 21.Kh1 Rxd2 22.Rxd2 Ne3
23.Bxf7+ Kxf7 24.Rd7+ Kf8 25.Rg1 Nxg2 26.Rxg2 Qc6 27.Qd2 Ne6 28.Nh5 Ba8 29.Kg1 Qc5+
30.Rf2 Kg8 31.Ng3 Qb5 32.f5 Nc5 33.Rxa7 Nd3 34.f6  1-0

[Event "Ubeda"]
[Site "Ubeda"]
[Date "1997.??.??"]
[Round "8"]
[White "Beliavsky, Alexander G"]
[Black "Jussupow, Artur"]
[Result "0-1"]
[WhiteElo "2665"]
[BlackElo "2665"]

1.d4 Nf6 2.c4 e6 3.g3 Bb4+ 4.Bd2 Be7 5.Bg2 d5 6.Nf3 O-O 7.O-O c6 8.Qc2 Nbd7
9.Rd1 b6 10.Bf4 Bb7 11.Nc3 Rc8 12.Ne5 Nh5 13.Be3 Nhf6 14.h3 b5 15.Nxd7 Nxd7
16.c5 b4 17.Na4 Ba6 18.Bf1 Rb8 19.b3 Bb5 20.Nb2 e5 21.dxe5 Nxe5 22.a3 bxa3
23.Rxa3 Rb7 24.Na4 Qb8 25.Nc3 Bf6 26.Bd4 Re8 27.Bg2 Nd7 28.e4 Bxd4 29.Rxd4 Nxc5
30.exd5 cxd5 31.Rxd5 Bd3 32.Qd2 Rc7 33.Na4 Nxa4 34.Rxd3 Nc5 35.Re3 Rd8 36.Qe2 g6
37.Kh2 Ne6 38.Ra2 Nd4 39.Qa6 Nc2  0-1

[Event "Ubeda"]
[Site "Ubeda"]
[Date "1997.??.??"]
[Round "10"]
[White "Beliavsky, Alexander G"]
[Black "Illescas Cordoba, Miguel"]
[Result "1-0"]
[WhiteElo "2665"]
[BlackElo "2635"]

1.d4 d5 2.c4 c6 3.Nf3 Nf6 4.Nc3 a6 5.a4 e6 6.g3 dxc4 7.Bg2 c5 8.O-O cxd4
9.Nxd4 Qc7 10.a5 Nbd7 11.Nc2 Bc5 12.Bf4 e5 13.Be3 O-O 14.Na4 Bxe3 15.Nxe3 Qxa5
16.Qd6 Qb5 17.Rfc1 a5 18.Nxc4 Ra6 19.Qc7 Qb4 20.Ne3 g6 21.Rc4 Qd2 22.Rc2 Qd4
23.Nc3 Kg7 24.Rd1 Qb4 25.Ncd5 Nxd5 26.Nxd5 Qb3 27.Rd3 Qa4 28.Ne7 Ra8 29.Rcd2 e4
30.Qc3+ Kh6 31.Rd4 Qb5 32.Nxc8 Raxc8 33.Qe3+ Kg7 34.Rxd7 Rc1+ 35.Rd1 Rxd1+
36.Rxd1 Qxb2 37.Qxe4 b5 38.Rb1  1-0

[Event "Ubeda"]
[Site "Ubeda"]
[Date "1997.??.??"]
[Round "11"]
[White "Akopian, Vladimir"]
[Black "Beliavsky, Alexander G"]
[Result "0-1"]
[WhiteElo "2655"]
[BlackElo "2665"]

1.Nf3 Nf6 2.g3 d5 3.Bg2 c6 4.O-O Bg4 5.d3 Nbd7 6.Qe1 e5 7.e4 dxe4 8.dxe4 Bc5
9.Nbd2 O-O 10.h3 Bh5 11.Nc4 Re8 12.a4 Nb6 13.Na5 Rb8 14.Nh4 Nc8 15.b4 Bb6
16.Nb3 Nd6 17.a5 Bc7 18.Nc5 Nd7 19.Nxd7 Qxd7 20.Ra3 f6 21.Be3 a6 22.Bc5 Rbd8
23.Rd3 Qe6 24.Qd2 Nc4 25.Qc3 Rxd3 26.cxd3 Nd6 27.Bxd6 Bxd6 28.Nf5 Bf8 29.f4 Bf7
30.fxe5 fxe5 31.Qd2 Rd8 32.Bf3 g6 33.Be2 Qa2 34.Qg5 Rd7 35.Rf2 Qb1+ 36.Kg2 Qxb4
37.h4 Qxa5 38.h5 Qd8 39.Nh6+ Bxh6 40.Qxh6 Qe7 41.g4 Rd6 42.Qe3 Rf6 43.Bf3 gxh5
44.gxh5 Rf4 45.d4 Qg5+ 46.Kf1 Bc4+ 47.Ke1 Rxe4 48.Qxe4 Qg1+ 49.Kd2 Qxf2+
50.Kc3 Be6  0-1